000
00287 a2200121 4500
001
39731
090
_c
24740
_d
24740
100
_a
Houghton, E L.
245
_a
Aerodynamics for engineering students, 4/e
250
_a
4
260
_a
London
_b
Edward Arnold
_c
1993
300
_a
515 p.
942
_a
NUST-CAE
_k
629.1323 HOU
999
_c
274804
_d
274804